Osobnosť Mikuláša Kováča v kultúrno - spoločenskom kontexte Banskej Bystrice (skice k biografickému portrétu)

Bibliographic Details
Main Author: Lomenčík, Július, 1961- (Author)
Format: Article
Language:Slovak
Subjects:

MARC

LEADER 00000naa a2200000 ar4500
001 vtls009170285
003 SK-MaSNL
005 20260302144812.0
008 160322|2005 xo g|h 100 |bslo
015 |a SNBRA2006/08  |2 svkbbbg 
038 |a SNKBUCL 
038 |a SVKBBBG 
040 |a SVKBBBG  |b slo  |c SVKBBBG  |e AACR2 
041 1 |a slo  |b eng 
044 |a xo  |c SK 
072 7 |a 821.162.4-1  |x Slovenská poézia  |2 Konspekt 
080 |a 929 Kováč, Mikuláš  |2 2001 
080 |a 821.162.4  |2 2001 
100 1 |a Lomenčík, Július,  |d 1961-  |4 aut  |9 102348 
245 1 0 |a Osobnosť Mikuláša Kováča v kultúrno - spoločenskom kontexte Banskej Bystrice  |b (skice k biografickému portrétu)  |c Július Lomenčík 
500 |a Poznámky pod čiarou 
504 |a Bibliogr. odkazy 
546 |a Res. angl. 
600 1 7 |a Kováč, Mikuláš,  |d 1934-1992  |2 svkbbbg  |9 26400 
610 2 7 |a Stredoslovenské vydavateľstvo (Banská Bystrica, Slovensko)  |2 svkbbbg  |9 33366 
651 7 |a Banská Bystrica (Slovensko)  |2 svkbbbg  |9 22015 
655 7 |a štúdie  |2 svkbbbg  |9 57033 
773 0 |t Minulosť a prítomnosť Banskej Bystrice II.  |d Banská Bystrica : Katedra histórie FHV UMB ; Štátna vedecká knižnica, 2005  |g S. 257-269  |z 8085169800 
852 |a SVKBB  |b KIS3GCP 
958 |a BX 
958 |a NB 
958 |a PM 
999 |c 1351069  |d 1352999